| 000 -LEADER |
| fixed length control field |
02778cam a2200433 i 4500 |
| 001 - CONTROL NUMBER |
| control field |
17739190 |
| 005 - DATE AND TIME OF LATEST TRANSACTION |
| control field |
20221220133958.0 |
| 008 - FIXED-LENGTH DATA ELEMENTS--GENERAL INFORMATION |
| fixed length control field |
130515r20132005enk b 001 0 eng d |
| 010 ## - LIBRARY OF CONGRESS CONTROL NUMBER |
| LC control number |
2013409072 |
| 015 ## - NATIONAL BIBLIOGRAPHY NUMBER |
| National bibliography number |
GBB137572 |
| Source |
bnb |
| 016 7# - NATIONAL BIBLIOGRAPHIC AGENCY CONTROL NUMBER |
| Record control number |
015776780 |
| Source |
Uk |
| 020 ## - INTERNATIONAL STANDARD BOOK NUMBER |
| International Standard Book Number |
9781848858664 |
| Qualifying information |
(pbk.) |
| 020 ## - INTERNATIONAL STANDARD BOOK NUMBER |
| International Standard Book Number |
1848858663 |
| Qualifying information |
(pbk.) |
| 035 ## - SYSTEM CONTROL NUMBER |
| System control number |
(OCoLC)ocn832570809 |
| 040 ## - CATALOGING SOURCE |
| Original cataloging agency |
StDuBDS |
| Language of cataloging |
eng |
| Transcribing agency |
CUD |
| Modifying agency |
UKMGB |
| -- |
OCLCO |
| -- |
BDX |
| -- |
WEA |
| -- |
TOH |
| -- |
OCLCF |
| -- |
OCLCQ |
| -- |
YDXCP |
| -- |
DLC |
| Description conventions |
rda |
| 042 ## - AUTHENTICATION CODE |
| Authentication code |
lccopycat |
| 043 ## - GEOGRAPHIC AREA CODE |
| Geographic area code |
ar----- |
| 050 00 - LIBRARY OF CONGRESS CALL NUMBER |
| Classification number |
DS247.A138 |
| Item number |
M66 2013 |
| 082 04 - DEWEY DECIMAL CLASSIFICATION NUMBER |
| Classification number |
320.150953,MON |
| Edition number |
22 |
| 245 00 - TITLE STATEMENT |
| Title |
Monarchies and nations : |
| Remainder of title |
globalisation and identity in the Arab states of the Gulf / |
| Statement of responsibility, etc. |
edited by Paul Dresch and James Piscatori. |
| 264 #1 - PRODUCTION, PUBLICATION, DISTRIBUTION, MANUFACTURE, AND COPYRIGHT NOTICE |
| Place of production, publication, distribution, manufacture |
London : |
| Name of producer, publisher, distributor, manufacturer |
I.B. Tauris, |
| Date of production, publication, distribution, manufacture, or copyright notice |
2013. |
| 264 #4 - PRODUCTION, PUBLICATION, DISTRIBUTION, MANUFACTURE, AND COPYRIGHT NOTICE |
| Date of production, publication, distribution, manufacture, or copyright notice |
©2013 |
| 300 ## - PHYSICAL DESCRIPTION |
| Extent |
vii, 311 pages ; |
| Dimensions |
24 cm |
| 336 ## - CONTENT TYPE |
| Content type term |
text |
| Content type code |
txt |
| Source |
rdacontent |
| 337 ## - MEDIA TYPE |
| Media type term |
unmediated |
| Media type code |
n |
| Source |
rdamedia |
| 338 ## - CARRIER TYPE |
| Carrier type term |
volume |
| Carrier type code |
nc |
| Source |
rdacarrier |
| 505 0# - FORMATTED CONTENTS NOTE |
| Formatted contents note |
Introduction : societies, identities and global issues / Paul Dresch (Page-1), Channels of interaction : the role of Gulf-owned media firms in globalisation / Naomi Sakr (Page-34), Dialect and national identity : the cultural politics of self-representation in Bahraini Musalsalāt / Clive Holes (Page-52), Cultural construction, the Gulf and Arab London / Christa Salamandra (Page-73), Transnational connections and national identity : Zanzibari Omanis in Muscat / Madawi Al-Rasheed (Page-96), Neither autocracy nor democracy but ethnocracy : citizens, expatriates and the socio-political system in Kuwait / Anh Nga Longva (Page-114), Debates on marriage and nationality in the United Arab Emirates / Paul Dresch (Page-136), Public order and authority : policing Kuwait / Jill Crystal (Page-158), Gender, religious knowledge and education in Oman / Mandana E. Limbert (Page-182), Political actors without the franchise : women and politics in Kuwait / Haya al-Mughni, Mary Ann Tétreault (Page-203), Managing God's guests : the pilgrimage, Saudi Arabia and the politics of legitimacy / James Piscatori (Page-222). |
| 650 #0 - SUBJECT ADDED ENTRY--TOPICAL TERM |
| Topical term or geographic name entry element |
Nationalism |
| Geographic subdivision |
Persian Gulf States. |
| 9 (RLIN) |
105378 |
| 650 #0 - SUBJECT ADDED ENTRY--TOPICAL TERM |
| Topical term or geographic name entry element |
National characteristics, Arab. |
| 9 (RLIN) |
105379 |
| 650 #7 - SUBJECT ADDED ENTRY--TOPICAL TERM |
| Topical term or geographic name entry element |
National characteristics, Arab. |
| Source of heading or term |
fast |
| Authority record control number or standard number |
(OCoLC)fst01033354 |
| 9 (RLIN) |
105379 |
| 650 #7 - SUBJECT ADDED ENTRY--TOPICAL TERM |
| Topical term or geographic name entry element |
Nationalism. |
| Source of heading or term |
fast |
| Authority record control number or standard number |
(OCoLC)fst01033832 |
| 9 (RLIN) |
32070 |
| 651 #7 - SUBJECT ADDED ENTRY--GEOGRAPHIC NAME |
| Geographic name |
Middle East |
| Geographic subdivision |
Persian Gulf States. |
| Source of heading or term |
fast |
| Authority record control number or standard number |
(OCoLC)fst01244350 |
| 9 (RLIN) |
105380 |
| 700 1# - ADDED ENTRY--PERSONAL NAME |
| Personal name |
Dresch, Paul, |
| Relator term |
editor. |
| 9 (RLIN) |
105381 |
| 700 1# - ADDED ENTRY--PERSONAL NAME |
| Personal name |
Piscatori, James P., |
| Relator term |
editor. |
| 9 (RLIN) |
105382 |
| 906 ## - LOCAL DATA ELEMENT F, LDF (RLIN) |
| a |
7 |
| b |
cbc |
| c |
copycat |
| d |
2 |
| e |
ncip |
| f |
20 |
| g |
y-gencatlg |
| 942 ## - ADDED ENTRY ELEMENTS (KOHA) |
| Source of classification or shelving scheme |
|
| Koha item type |
Book |
| Call number prefix |
320.150953,MON |